| 000 | 00561nam a2200181 a 4500 | ||
|---|---|---|---|
| 001 | 1777708524284 | ||
| 003 | YourLibrary | ||
| 005 | 20260502132954.0 | ||
| 008 | 260502s1990##################000#0#eng## | ||
| 020 | _a9789065444387 | ||
| 082 | 0 | 4 |
_a343.0526 _bTAX.13B |
| 100 | 1 |
_aStaff, International Fiscal Association, _eauthor. |
|
| 245 | 1 | 0 | _aTax Consequences of Pension Provision for the Internationally Transferred Employee : |
| 260 |
_bSpringer, _c1990. |
||
| 650 | 0 | _aBusiness & Economics. | |
| 942 | _cENGLISH | ||
| 040 |
_aYourLibrary _beng _cYourLibrary |
||
| 999 |
_c622048 _d622048 |
||